Calidad de educación, trabajo y libertad
Zapisane w:
| 1. autor: | |
|---|---|
| Format: | Książka |
| Język: | hiszpański |
| Wydane: |
Barcelona
Dossat
1982
|
| Hasła przedmiotowe: | |
| Etykiety: |
Dodaj etykietę
Nie ma etykietki, Dołącz pierwszą etykiete!
|
MARC
| LEADER | 00000nam a2200000 a 4500 | ||
|---|---|---|---|
| 001 | UCW7583 | ||
| 003 | CL-VaPUC | ||
| 008 | 930512e19820000SP |||||||||||||||||spa|d | ||
| 082 | 0 | 4 | |a 370.112 |b GAR |2 21 |
| 100 | |a García Hoz, Víctor |e author |9 414544 | ||
| 245 | 1 | 0 | |a Calidad de educación, trabajo y libertad |
| 300 | |a 124 p | ||
| 942 | |c BK | ||
| 945 | |d 19930512 00:00:00 | ||
| 260 | |a Barcelona |b Dossat |c 1982 | ||
| 650 | 0 | |a Calidad de la educación |9 307271 | |
| 650 | 0 | |a Filosofía de la educación |9 258384 | |
| 583 | |a last modification |c 19930512 00:00:00 |k Rodrigo Vera | ||
| 999 | |c 220293 |d 220291 | ||
| 952 | |0 0 |1 0 |4 0 |6 370_112000000000000_GAR_1982 |7 0 |8 A |9 212296 |a BIBEDU |b BIBEDU |d 2019-11-15 |i 2805421 |o 370.112 GAR 1982 |p 2805421 |r 2019-11-15 |w 2019-11-15 |y BK |k EDU | ||
| 952 | |0 0 |1 0 |4 0 |6 370_112000000000000_GAR_1982 |7 0 |8 A |9 212297 |a BIBEDU |b BIBEDU |d 2019-11-15 |i 280543K |o 370.112 GAR 1982 |p 280543K |r 2019-11-15 |w 2019-11-15 |y BK |k EDU | ||